zpět

Detail výsledku týmu

U Buriana, Třinec

Datum a čas kvízu

21.5 Celkem bodů Celkový počet nahraných bodů na tomto kvízu bez doplňovacích otázek.
9. Pořadí na kvízu Konečné umístění týmu na tomto kvízu.

Zaznamenané odpovědi

# Otázka Odpověď Body Výsledky
1. Největší český online prodejce... Rohlik(.cz), Rabbit (CZ) 0.5
2. Letadlo ruského ministra zahra... v Brazílii 0
3. V úterý jsme se dozvěděli, že... Blade Runner 0
4. Španělská policie zatkla na ji... s viagrou (lékem na potenci) 0
5. 34letý trojnásobný mistr světa... Peter Sagan 0
6. Součástí televizního programu... Hodina pravdy 0
7. Která veřejně známá osobnost z... Ladislav Zibura 0
8. Napište název televizní soutěž... Kufr 1
9. V dnešní době je velmi populár... 1D 2C 3B 4A 1
10. Kdo z uvedených nikdy nemodero... D 1